Một số bài toán và cách giải bằng cách lập phương trình và hệ phương trình ở bậc THCS: Khóa luận tốt nghiệp
Giới thiệu phương pháp nghiên cứu và yêu cầu giải một bài toán và phân dạng toán.
Đã lưu trong:
| Tác giả chính: | |
|---|---|
| Định dạng: | Sách |
| Năm xuất bản: |
Quảng Bình:
[k.đ],
2015
|
| Chủ đề: | |
| Tags: |
Thêm thẻ
Không có thẻ, Hãy là người đầu tiên gắn thẻ bản ghi này!
|
| LEADER | 00749nam a2200145 4500 | ||
|---|---|---|---|
| 082 | |a 510.76 |b NG450TH | ||
| 100 | |a Ngô Thị Thu Thảo | ||
| 245 | |a Một số bài toán và cách giải bằng cách lập phương trình và hệ phương trình ở bậc THCS: |b Khóa luận tốt nghiệp |c Ngô Thị Thu Thảo; Phan Trọng Tiến hướng dẫn | ||
| 260 | |a Quảng Bình: |b [k.đ], |c 2015 | ||
| 300 | |a 43tr.; |c 29cm. | ||
| 520 | |a Giới thiệu phương pháp nghiên cứu và yêu cầu giải một bài toán và phân dạng toán. | ||
| 653 | |a Toán học | ||
| 942 | |2 ddc |c KL | ||
| 999 | |c 12582 |d 12582 | ||
| 952 | |0 0 |1 0 |2 ddc |4 0 |6 510_760000000000000_NG450TH |7 0 |8 500 |9 105744 |a qbu |b qbu |c D1 |d 2016-03-11 |o 510.76 NG450TH |p LA235.c1 |r 0000-00-00 |w 2016-03-11 |y KL | ||